[Event "ESP-chT CECLUB Div2"]
[Site "Linares"]
[Date "2023.08.16"]
[Round "5.16"]
[White "Martin Fuentes, Alberto"]
[Black "Vazquez Igarza, Renier"]
[Result "1/2-1/2"]
[WhiteElo "2388"]
[BlackElo "2513"]
[PlyCount "138"]
[EventDate "2023.08.13"]
[EventType "team-swiss"]
[EventRounds "7"]
[EventCountry "ESP"]
[SourceTitle "EXT 2024"]
[Source "ChessBase"]
[SourceDate "2023.10.10"]
[SourceVersion "1"]
[SourceVersionDate "2023.10.10"]
[SourceQuality "1"]
[WhiteTeam "Solvay II"]
[BlackTeam "Collado Villalba"]
[WhiteTeamCountry "ESP"]
[BlackTeamCountry "ESP"]

1. e4 c5 2. Nf3 d6 3. c3 Nf6 4. Be2 g6 5. 0-0 Bg7 6. Bb5+ Nc6 7. d4 0-0 8. d5 a6 9. Bd3 Na5 10. Re1 b5 11. a4 b4 12. c4 e6 13. h3 Re8 14. Nbd2 Ra7 15. Rb1 exd5 16. cxd5 Nh5 17. Nb3 Nxb3 18. Qxb3 Rae7 19. Bg5 Bf6 20. Bd2 Bg7 21. Bg5 Bf6 22. Bd2 Bg7 23. Qc2 Nf6 24. Bg5 h6 25. Bf4 g5 26. Bh2 b3 27. Qc4 Rb7 28. Nd2 Rb4 29. Qc1 Rd4 30. Bc4 Nxe4 31. Nxb3 Bf5 32. f3 Nc3 33. Qxc3 Bxb1 34. Rxb1 Rd1+ 35. Rxd1 Bxc3 36. bxc3 Qf6 37. Bg3 Qxc3 38. Rc1 Qb2 39. Bxd6 Re3 40. Rf1 Rxb3 41. Bxb3 Qxb3 42. Bxc5 Qxd5 43. Bb6 a5 44. Ra1 Qb3 45. Bd4 Qb4 46. Bf2 Kh7 47. Ba7 Kg6 48. Kh1 f6 49. Bg1 h5 50. Ra2 g4 51. fxg4 hxg4 52. hxg4 Qxg4 53. Ra3 Qd1 54. Ra2 Qb3 55. Ra1 f5 56. Bh2 Kg5 57. Bg1 Kg4 58. Rf1 Qxa4 59. Rf3 Qa1 60. Kh2 f4 61. Bc5 Qd1 62. Ba3 a4 63. Rh3 Qe2 64. Bf8 Qe5 65. Kh1 Qe1+ 66. Kh2 Kf5 67. Ba3 Ke4 68. Bf8 Qd2 69. Ba3 Ke5 1/2-1/2

[Event "ESP-chT CECLUB Div1"]
[Site "Sanxenxo"]
[Date "2022.09.22"]
[Round "6.4"]
[White "Cordova, Emilio"]
[Black "Vazquez Igarza, Renier"]
[Result "1/2-1/2"]
[WhiteElo "2550"]
[BlackElo "2535"]
[PlyCount "52"]
[EventDate "2022.09.17"]
[EventType "team-tourn"]
[EventRounds "7"]
[EventCountry "ESP"]
[SourceTitle "CBM 210 Extra"]
[Source "ChessBase"]
[SourceDate "2022.11.30"]
[SourceVersion "1"]
[SourceVersionDate "2022.11.30"]
[SourceQuality "1"]
[WhiteTeam "Oromana CEN Solutions"]
[BlackTeam "Collado Villalba"]
[WhiteTeamCountry "ESP"]
[BlackTeamCountry "ESP"]

1. Nf3 d5 2. g3 Nf6 3. Bg2 c6 4. c4 dxc4 5. 0-0 Nbd7 6. Na3 Nb6 7. Qc2 Be6 8. Ng5 Bg4 9. Nxc4 Bxe2 10. Ne5 Bh5 11. Re1 h6 12. Ne4 e6 13. Nxc6 bxc6 14. Nxf6+ gxf6 15. Bxc6+ Nd7 16. Qf5 Bg6 17. Rxe6+ Be7 18. Qxf6 Rg8 19. Re3 Kf8 20. Qf4 Rc8 21. Bb7 Bg5 22. Qd6+ Be7 23. Qf4 Bg5 24. Qd6+ Be7 25. Qf4 Bg5 26. Qd6+ Be7 1/2-1/2

[Event "Madrid-chT Honor 2122"]
[Site "Madrid"]
[Date "2022.01.23"]
[Round "6.1"]
[White "Vazquez Igarza, Renier"]
[Black "Ingunza Curro, Andres"]
[Result "1-0"]
[WhiteElo "2528"]
[BlackElo "2383"]
[PlyCount "109"]
[EventDate "2021.11.27"]
[EventType "team-tourn"]
[EventRounds "14"]
[EventCountry "ESP"]
[SourceTitle "EXT 2024"]
[Source "ChessBase"]
[SourceDate "2023.10.10"]
[SourceVersion "1"]
[SourceVersionDate "2023.10.10"]
[SourceQuality "1"]
[WhiteTeam "Collado Villalba"]
[BlackTeam "Tajamar"]
[WhiteTeamCountry "ESP"]
[BlackTeamCountry "ESP"]

1. Nf3 Nf6 2. c4 e6 3. Nc3 d5 4. d4 Be7 5. Bg5 h6 6. Bh4 0-0 7. e3 b6 8. Rb1 a5 9. Be2 Bb7 10. Rc1 Ne4 11. Bxe7 Qxe7 12. 0-0 c5 13. cxd5 exd5 14. Na4 Qd6 15. dxc5 bxc5 16. Bd3 Qe7 17. Nb6 Ra7 18. Qc2 Na6 19. a3 Qe6 20. Na4 Rc8 21. Bxe4 dxe4 22. Nd2 c4 23. Rfd1 c3 24. Nb3 cxb2 25. Qxb2 Qe8 26. Qd4 Raa8 27. Nb6 Rd8 28. Qc3 Rxd1+ 29. Rxd1 Rd8 30. Nd4 Qb5 31. Nc4 Qa4 32. Rc1 Kh7 33. Qxa5 Qxa5 34. Nxa5 Bd5 35. Nac6 Rd7 36. Nb4 Nxb4 37. axb4 Ra7 38. h4 Ra2 39. Rc5 Ba8 40. Ra5 Rxa5 41. bxa5 Kg6 42. Nb5 Kf6 43. Nc7 Bc6 44. a6 Ke7 45. a7 Kd7 46. a8Q Bxa8 47. Nxa8 Kc6 48. Kh2 g5 49. Kg3 f5 50. hxg5 hxg5 51. f3 exf3 52. Kxf3 Kb7 53. g4 fxg4+ 54. Kxg4 Kxa8 55. Kxg5 1-0

[Event "ITA-chTB 52nd"]
[Site "Montesilvano"]
[Date "2021.09.20"]
[Round "1.1"]
[White "Kaczur, Florian"]
[Black "Vazquez Igarza, Renier"]
[Result "1-0"]
[WhiteElo "2479"]
[BlackElo "2561"]
[PlyCount "91"]
[EventDate "2021.09.20"]
[EventType "team-tourn"]
[EventRounds "7"]
[EventCountry "ITA"]
[SourceTitle "CBM 204 Extra"]
[Source "ChessBase"]
[SourceDate "2021.11.30"]
[SourceVersion "1"]
[SourceVersionDate "2021.11.30"]
[SourceQuality "1"]
[WhiteTeam "Le Due Torri Volvo"]
[BlackTeam "Partenopea"]
[WhiteTeamCountry "ITA"]
[BlackTeamCountry "ITA"]

1. e4 c5 2. Nf3 e6 3. g3 Nc6 4. Bg2 Nf6 5. Qe2 e5 6. 0-0 Be7 7. Nc3 d6 8. Nd5 0-0 9. c3 h6 10. d3 Be6 11. Nd2 Re8 12. Nc4 Bf8 13. Nce3 Bxd5 14. exd5 Nb8 15. a4 Nbd7 16. Qc2 g6 17. Bd2 h5 18. Nc4 Nb6 19. Ne3 Nbd7 20. a5 Ng4 21. Nc4 f5 22. a6 b6 23. Qa4 Qe7 24. Rae1 Rab8 25. Qb5 h4 26. f3 Nh6 27. g4 Nf7 28. gxf5 gxf5 29. Bh3 Nf6 30. f4 Nxd5 31. fxe5 dxe5 32. Bxf5 Bg7 33. Qc6 Nf6 34. Qg2 b5 35. Ne3 c4 36. Bg6 cxd3 37. Nf5 Qf8 38. Nxg7 Qxg7 39. Rxf6 Qxf6 40. Rf1 Rb6 41. Rxf6 Rxf6 42. Bxd3+ Kf8 43. Be3 e4 44. Bxb5 Ree6 45. Bc5+ Nd6 46. Bc4 1-0

[Event "ESP-chT CECLUB Div1"]
[Site "Linares"]
[Date "2021.09.13"]
[Round "6.1"]
[White "Lopez Martinez, Josep Manuel"]
[Black "Vazquez Igarza, Renier"]
[Result "0-1"]
[WhiteElo "2524"]
[BlackElo "2561"]
[PlyCount "98"]
[EventDate "2021.09.08"]
[EventType "team-tourn"]
[EventRounds "7"]
[EventCountry "ESP"]
[SourceTitle "CBM 204 Extra"]
[Source "ChessBase"]
[SourceDate "2021.11.30"]
[SourceVersion "1"]
[SourceVersionDate "2021.11.30"]
[SourceQuality "1"]
[WhiteTeam "Barbera"]
[BlackTeam "Collado Villalba"]
[WhiteTeamCountry "ESP"]
[BlackTeamCountry "ESP"]

1. c4 c5 2. Nc3 Nc6 3. g3 g6 4. Bg2 Bg7 5. Nf3 d6 6. 0-0 Rb8 7. e3 Nf6 8. d4 0-0 9. Qe2 Bg4 10. Rd1 Nd7 11. d5 Na5 12. Bd2 Ne5 13. b3 a6 14. Rac1 b5 15. cxb5 axb5 16. h3 Nxf3+ 17. Bxf3 Bd7 18. h4 b4 19. Ne4 Bb5 20. Qe1 Nb7 21. Be2 Bd7 22. h5 Ra8 23. hxg6 fxg6 24. Rc2 Bf5 25. Bf3 Qd7 26. Qe2 h5 27. Bg2 Nd8 28. Be1 Nf7 29. Rcd2 Ne5 30. Ng5 Bg4 31. f3 Qf5 32. fxg4 Qxg5 33. gxh5 gxh5 34. Rc2 Bh6 35. e4 Rf6 36. Bh3 Raf8 37. Kg2 Rf3 38. Bf5 h4 39. Bf2 R8xf5 40. exf5 Qxf5 41. Re1 Be3 42. Bxe3 Rxg3+ 43. Kh1 Qh3+ 44. Qh2 Nf3 45. Qxh3 Rxh3+ 46. Kg2 Nxe1+ 47. Kxh3 Nxc2 48. Bg5 Kf7 49. Kxh4 Nd4 0-1

[Event "ESP-chT CECLUB Div1"]
[Site "Linares"]
[Date "2021.09.11"]
[Round "4.2"]
[White "Vazquez Igarza, Renier"]
[Black "Plazuelo Pascual, Juan"]
[Result "1/2-1/2"]
[WhiteElo "2561"]
[BlackElo "2463"]
[PlyCount "65"]
[EventDate "2021.09.08"]
[EventType "team-tourn"]
[EventRounds "7"]
[EventCountry "ESP"]
[SourceTitle "CBM 204 Extra"]
[Source "ChessBase"]
[SourceDate "2021.11.30"]
[SourceVersion "1"]
[SourceVersionDate "2021.11.30"]
[SourceQuality "1"]
[WhiteTeam "Collado Villalba"]
[BlackTeam "Virgen de Atocha"]
[WhiteTeamCountry "ESP"]
[BlackTeamCountry "ESP"]

1. Nf3 d5 2. e3 Nf6 3. c4 e6 4. b3 c5 5. Bb2 Nc6 6. cxd5 exd5 7. Bb5 Bd6 8. 0-0 0-0 9. d4 cxd4 10. Nxd4 Bc7 11. Nf3 Bg4 12. Nbd2 Rc8 13. h3 Bh5 14. Bxc6 bxc6 15. Qc2 Bg6 16. Qc1 c5 17. Be5 Re8 18. Qb2 Bxe5 19. Nxe5 Bf5 20. Rac1 Qb6 21. Rfd1 a5 22. Ndf3 h6 23. Nd3 Bxd3 24. Rxd3 a4 25. Qa3 axb3 26. axb3 Rc7 27. Nd2 Rec8 28. Qa4 Ra7 29. Qf4 Rac7 30. Rdc3 Qb5 31. Qf5 Qb6 32. Qf4 Rc6 33. R3c2 1/2-1/2

[Event "Los Cancajos FEDA Scheveningen"]
[Site "Los Cancajos"]
[Date "2020.12.02"]
[Round "3.4"]
[White "Van Foreest, Jorden"]
[Black "Vazquez Igarza, Renier"]
[Result "1-0"]
[WhiteElo "2671"]
[BlackElo "2556"]
[PlyCount "83"]
[EventDate "2020.11.30"]
[EventType "schev"]
[EventRounds "10"]
[EventCountry "ESP"]
[SourceTitle "CBM 199 Extra"]
[Source "ChessBase"]
[SourceDate "2021.01.31"]
[SourceVersion "1"]
[SourceVersionDate "2021.01.31"]
[SourceQuality "1"]
[WhiteTeam "Internacional"]
[BlackTeam "Spain"]
[WhiteTeamCountry "ESP"]
[BlackTeamCountry "ESP"]

1. e4 c6 2. d4 d5 3. e5 Bf5 4. c4 e6 5. Nc3 Nd7 6. cxd5 cxd5 7. h4 h6 8. Bd3 Bxd3 9. Qxd3 Ne7 10. Nf3 Nc6 11. 0-0 Be7 12. h5 Qb6 13. Bd2 0-0 14. Na4 Qa6 15. Qxa6 bxa6 16. Rfc1 Rfc8 17. Rc3 Nb6 18. Nxb6 axb6 19. Rac1 Na7 20. g4 Rxc3 21. Rxc3 Kf8 22. Kg2 Ke8 23. Kg3 Kd7 24. Be3 Nc6 25. Ng1 a5 26. f4 a4 27. Nf3 a3 28. bxa3 Bxa3 29. f5 Bf8 30. f6 Rxa2 31. Rb3 Re2 32. Bf4 Kc7 33. g5 hxg5 34. Bxg5 Re4 35. Rd3 gxf6 36. exf6 e5 37. dxe5 Nxe5 38. Nxe5 Bd6 39. Rxd5 Bxe5+ 40. Rxe5 Rxe5 41. Bf4 Kd6 42. h6 1-0

[Event "ESP-chT CECLUB Honor"]
[Site "Linares"]
[Date "2020.09.23"]
[Round "1.4"]
[White "Vazquez Igarza, Renier"]
[Black "Navara, David"]
[Result "1-0"]
[WhiteElo "2551"]
[BlackElo "2707"]
[PlyCount "79"]
[EventDate "2020.09.23"]
[EventType "team-tourn"]
[EventRounds "7"]
[EventCountry "ESP"]
[SourceTitle "CBM 198 Extra"]
[Source "ChessBase"]
[SourceDate "2020.11.30"]
[SourceVersion "1"]
[SourceVersionDate "2020.11.30"]
[SourceQuality "1"]
[WhiteTeam "Collado Villalba"]
[BlackTeam "Beniajan Duochess CAC"]
[WhiteTeamCountry "ESP"]
[BlackTeamCountry "ESP"]

1. Nf3 Nf6 2. c4 e6 3. Nc3 d5 4. d4 Bb4 5. cxd5 exd5 6. Bg5 h6 7. Bxf6 Qxf6 8. Qa4+ Nc6 9. e3 0-0 10. Be2 Be6 11. 0-0 a6 12. Rfc1 Bd6 13. a3 g5 14. Qd1 g4 15. Ne1 h5 16. Nd3 Ne7 17. b4 b6 18. Nb1 Qg5 19. Nd2 Nf5 20. Nf1 h4 21. Bxg4 Nxd4 22. Bxe6 Nxe6 23. Ra2 Kh8 24. Rd2 Rg8 25. g3 Qf5 26. Ne1 hxg3 27. hxg3 Ng5 28. f4 Nh3+ 29. Kg2 Nxf4+ 30. exf4 Bxf4 31. Rxd5 Qe4+ 32. Nf3 Bxc1 33. Rh5+ Kg7 34. Qxc1 Qe6 35. Re5 Qh6 36. Ne3 Kh8 37. Qc3 f6 38. Re4 Qg6 39. Rh4+ Kg7 40. Rg4 1-0

[Event "Madrid-chT 1920 Honor"]
[Site "Madrid"]
[Date "2020.01.19"]
[Round "5.1"]
[White "Elissalt Cardenas, Hector"]
[Black "Vazquez Igarza, Renier"]
[Result "0-1"]
[WhiteElo "2270"]
[BlackElo "2552"]
[PlyCount "88"]
[EventDate "2019.11.24"]
[EventType "team-tourn"]
[EventRounds "12"]
[EventCountry "ESP"]
[SourceTitle "EXT 2021"]
[Source "ChessBase"]
[SourceDate "2020.10.23"]
[SourceVersion "1"]
[SourceVersionDate "2020.10.23"]
[SourceQuality "1"]
[WhiteTeam "Tajamar"]
[BlackTeam "Collado Villalba"]
[WhiteTeamCountry "ESP"]
[BlackTeamCountry "ESP"]

1. c4 e5 2. Nc3 Nf6 3. g3 Bb4 4. Bg2 0-0 5. Nf3 Re8 6. 0-0 c6 7. Qb3 Bf8 8. d3 h6 9. e4 Na6 10. d4 d6 11. Rd1 Qa5 12. d5 cxd5 13. cxd5 Bd7 14. Ne1 b5 15. a3 Rec8 16. Bd2 Qb6 17. h3 Nc5 18. Qc2 a5 19. b4 axb4 20. axb4 Na4 21. Nxa4 bxa4 22. Qb1 Bb5 23. Be3 Qa6 24. Rc1 Be7 25. Qb2 Rcb8 26. Nc2 Bd3 27. Na3 Bxe4 28. Bxe4 Nxe4 29. b5 Qb7 30. Rc6 f5 31. Qc2 Bd8 32. Kg2 Qf7 33. Rd1 Ba5 34. b6 Bb4 35. Rc7 Qg6 36. b7 Rxb7 37. Rc8+ Rxc8 38. Qxc8+ Kh7 39. Qxb7 Bxa3 40. Rd3 Nc5 41. Bxc5 Bxc5 42. Qb1 e4 43. Rc3 a3 44. g4 fxg4 0-1

[Event "Titled Tuesday intern op 3rd Sept"]
[Site "Chess.com INT"]
[Date "2019.09.03"]
[Round "9"]
[White "Golubev, Mikhail"]
[Black "Vazquez Igarza, Renier"]
[Result "1-0"]
[WhiteElo "2461"]
[BlackElo "2556"]
[PlyCount "81"]
[EventDate "2019.09.03"]
[EventType "swiss (blitz)"]
[EventRounds "10"]
[EventCountry "USA"]
[SourceTitle "EXT 2021"]
[Source "ChessBase"]
[SourceDate "2020.10.23"]
[SourceVersion "1"]
[SourceVersionDate "2020.10.23"]
[SourceQuality "1"]

1. e4 e5 2. Nf3 Nc6 3. Nc3 Nf6 4. g3 Bb4 5. Bg2 Bxc3 6. dxc3 d6 7. 0-0 0-0 8. Nh4 Be6 9. f4 exf4 10. Bxf4 h6 11. Qd2 Re8 12. Rae1 Nh7 13. Nf5 Bxf5 14. exf5 Qd7 15. g4 Rxe1 16. Rxe1 Re8 17. Rf1 Qe7 18. Bg3 Nf6 19. h3 Ne5 20. Re1 c6 21. Kh1 a6 22. b3 b5 23. Bxc6 Rc8 24. Bg2 Qc7 25. Re3 Qc5 26. Qd4 Nfd7 27. Qxc5 Rxc5 28. Bb7 a5 29. b4 axb4 30. cxb4 Rxc2 31. Ba6 Nb6 32. Bxe5 dxe5 33. Rxe5 Rxa2 34. Bxb5 Rb2 35. Re8+ Kh7 36. Re4 Nd5 37. Bc4 Nf6 38. Re7 Rxb4 39. Bxf7 Re4 40. Ra7 g5 41. Bd5+ 1-0

[Event "Titled Tuesday intern op 3rd Sept"]
[Site "Chess.com INT"]
[Date "2019.09.03"]
[Round "3"]
[White "Vazquez, Guillermo"]
[Black "Vazquez Igarza, Renier"]
[Result "1-0"]
[WhiteElo "2501"]
[BlackElo "2556"]
[PlyCount "117"]
[EventDate "2019.09.03"]
[EventType "swiss (blitz)"]
[EventRounds "10"]
[EventCountry "USA"]
[SourceTitle "EXT 2021"]
[Source "ChessBase"]
[SourceDate "2020.10.23"]
[SourceVersion "1"]
[SourceVersionDate "2020.10.23"]
[SourceQuality "1"]

1. e4 c5 2. Nf3 e6 3. d4 cxd4 4. Nxd4 Nc6 5. Nb5 d6 6. c4 Nf6 7. N1c3 a6 8. Na3 Be7 9. Be2 b6 10. 0-0 Bb7 11. Be3 Nb8 12. f3 Nbd7 13. Qb3 Qc7 14. Rad1 Rb8 15. Rd2 0-0 16. Rc1 Rfe8 17. Qd1 Bf8 18. Nc2 Rbd8 19. Kh1 Qb8 20. Qg1 Ba8 21. Bf1 Rc8 22. Rcd1 g6 23. Qf2 Bc6 24. Nb4 Bb7 25. Bf4 a5 26. Nc2 e5 27. Be3 Nc5 28. Na3 Re6 29. Nab5 Ba6 30. b3 h5 31. Bg5 Kh7 32. g3 Rce8 33. Bh3 Ng8 34. Bxe6 Nxe6 35. Be3 Rd8 36. Bxb6 Rd7 37. Bxa5 Nf6 38. Bb4 Bb7 39. Bxd6 Bxd6 40. Nxd6 Bc6 41. Ndb5 Rb7 42. a4 Qa8 43. Nd5 Bxb5 44. cxb5 Nxd5 45. Rxd5 Rc7 46. Rxe5 Qc8 47. Red5 Rc3 48. b6 Qa6 49. a5 Rxb3 50. Qf1 Qc8 51. Rd7 Kg7 52. b7 Qc2 53. a6 Ng5 54. R7d2 Qc6 55. Rd3 Rb2 56. Rb1 Rc2 57. b8Q Nxe4 58. Qe5+ Nf6 59. Rd6 1-0

[Event "Titled Tuesday intern op 3rd Sept"]
[Site "Chess.com INT"]
[Date "2019.09.03"]
[Round "2"]
[White "Vazquez Igarza, Renier"]
[Black "Baches Garcia, Guillermo"]
[Result "1-0"]
[WhiteElo "2556"]
[BlackElo "2322"]
[PlyCount "67"]
[EventDate "2019.09.03"]
[EventType "swiss (blitz)"]
[EventRounds "10"]
[EventCountry "USA"]
[SourceTitle "EXT 2021"]
[Source "ChessBase"]
[SourceDate "2020.10.23"]
[SourceVersion "1"]
[SourceVersionDate "2020.10.23"]
[SourceQuality "1"]

1. d4 Nf6 2. Nf3 e6 3. Bf4 d5 4. e3 Bd6 5. Bg3 0-0 6. c4 b6 7. Nc3 Bb7 8. Bh4 Nbd7 9. cxd5 exd5 10. Bb5 c6 11. Bd3 Re8 12. 0-0 Nf8 13. Qc2 Ng6 14. Bg3 Bxg3 15. hxg3 c5 16. Rad1 Qe7 17. Rfe1 Ne4 18. dxc5 bxc5 19. Ne2 Rad8 20. Nf4 Nxf4 21. gxf4 f6 22. b3 Kh8 23. Rc1 Rc8 24. Red1 Red8 25. Bxe4 dxe4 26. Rxd8+ Rxd8 27. Nd2 Ba6 28. Qxe4 Qf7 29. Nf3 Bb7 30. Qc4 Qg6 31. f5 Qxf5 32. Qxc5 Rd1+ 33. Kh2 Qg4 34. Qf8# 1-0